Il FilangieiI (Record no. 874)

MARC details
000 -LEADER
campo de control de longitud fija 00801nas a22002411i#4500
001 - NÚMERO DE CONTROL
campo de control 874
003 - IDENTIFICADOR DE NÚMERO DE CONTROL
campo de control ES-MaACL
005 - FECHA Y HORA DE LA ÚLTIMA TRANSACCIÓN
campo de control 20250910213724.0
007 - CAMPO FIJO DE DESCRIPCIÓN FÍSICA--INFORMACIÓN GENERAL
campo de control de longitud fija t|
008 - DATOS DE LONGITUD FIJA--INFORMACIÓN GENERAL
campo de control de longitud fija 950801d18761919it m| | 1 ||ta d
245 03 - MENCIÓN DEL TÍTULO
Título Il FilangieiI
Resto del título : rivista periodica mensuale di scienze giuridiche e politico-amministrative /
Mención de responsabilidad, etc. dir. F. Persico, E. Pessina, G. Polignani.
260 ## - PUBLICACIÓN, DISTRIBUCIÓN, ETC.
Lugar de publicación, distribución, etc. Napoli :
Nombre del editor, distribuidor, etc. Leonardo Valladi,
Fecha de publicación, distribución, etc. 1876-1919 (
Fabricante De Angelis)
300 ## - DESCRIPCIÓN FÍSICA
Extensión 2 v. ;
Dimensiones 25 cm.
310 ## - PERIODICIDAD ACTUAL
Periodicidad actual Mensual
362 0# - FECHAS DE PUBLICACIÓN Y/O DESIGNACIÓN SECUENCIAL
Fecha de publicación y/o designación secuencial anno 1-44; genn. 1876-sett./dic. 1919.
650 #7 - PUNTO DE ACCESO ADICIONAL DE MATERIA--TÉRMINO DE MATERIA
Término de materia o nombre geográfico como elemento de entrada Derecho-
Subdivisión geográfica Italia
Fuente del encabezamiento o término
9 (RLIN) 155182
700 1# - ENTRADA AGREGADA--NOMBRE PERSONAL
Nombre de persona Persico, F.
9 (RLIN) 91397
700 1# - ENTRADA AGREGADA--NOMBRE PERSONAL
Nombre de persona Pessina, Enrico,
Fechas asociadas al nombre 1828-1916
9 (RLIN) 91450
700 1# - ENTRADA AGREGADA--NOMBRE PERSONAL
Nombre de persona Polignani, G,
Término indicativo de función/relación
9 (RLIN) 227544
852 ## - LOCALIZACIÓN
Ubicación ES-MaACL
Número de control de estantería G-5304-05
866 #0 - MENCIÓN TEXTUAL DE FONDOS--UNIDAD BIBLIOGRÁFICA BÁSICA
Fondos 1879-80.
Holdings
Estatus retirado Estado de pérdida Estado de daño No para préstamo Colección Biblioteca de origen Biblioteca actual Ubicación en estantería Fecha de adquisición Fuente de adquisición Total de préstamos Signatura topográfica completa Código de barras Visto por última vez Precio de reemplazo Tipo de ítem Koha
        Periódicos y Revistas Biblioteca del Ateneo de Madrid Biblioteca del Ateneo de Madrid Depósito 2 17/01/2008     G-5304-05 1000890 23/02/2023 23/02/2023 Revista